|
|
|
|
| LEADER |
00000nam0a2200000 4500 |
| 001 |
168980 |
| 005 |
20231101222808.0 |
| 010 |
|
|
|a 9785917030104
|
| 035 |
|
|
|a (RuTPU)RU\TPU\book\183313
|
| 090 |
|
|
|a 168980
|
| 100 |
|
|
|a 20091105d2010 km y0rusy50 ca
|
| 101 |
1 |
|
|a rus
|c eng
|
| 102 |
|
|
|a RU
|
| 105 |
|
|
|a a z 001zy
|
| 200 |
1 |
|
|a Коррозия пластмасс и резин
|e пер. с англ.
|f Ф. А. Швейцер
|
| 210 |
|
|
|a СПб.
|c НОТ
|d 2010
|
| 215 |
|
|
|a 640 с.
|c ил.
|
| 320 |
|
|
|a Библиография в конце глав.
|
| 330 |
|
|
|a В книге приведена информация о действии широкого круга основных сред и химикатов (от воды и виски до плавиковой кислоты) на практически весь ассортимент термопластов, реактопластов, резин, термоэластопластов (ТЭП), отвержденных олигомеров — начиная от хронологически первых фенолформальдегидных смол, до новейших фторэластомеров «Калрез» и наноструктурных термоэластопластов различного состава. После общего введения в состав, свойства и применение полимеров, в издании основное внимание уделяется последствиям химической коррозии, вызванной изменениями температуры, влажности и влиянием других коррозионных сред. Рассмотрена способность конкретных материалов выдерживать воздействие солнца, атмосферных явлений и озона, а также их химическая стойкость в типичных приложениях. Описаны последствия химической коррозии, такие как набухание, окрашивание, деполимеризация и растрескивание. В книгу также включены таблицы совместимости для каждого из материалов и сравнительные таблицы коррозионной стойкости отдельных эластомеров. Книга предназначена для специалистов, заинтересованных в коррозионной стойкости и работоспособности полимерных материалов.
|
| 606 |
1 |
|
|a Полимеры
|x Коррозионная стойкость
|2 stltpush
|3 (RuTPU)RU\TPU\subj\50249
|9 68969
|
| 606 |
1 |
|
|a Резина
|x Коррозия
|2 stltpush
|3 (RuTPU)RU\TPU\subj\24622
|9 48933
|
| 610 |
1 |
|
|a термопласты
|
| 610 |
1 |
|
|a реактопласты
|
| 610 |
1 |
|
|a эластомеры
|
| 610 |
1 |
|
|a химическая коррозия
|
| 610 |
1 |
|
|a коррозионные среды
|
| 610 |
1 |
|
|a негативные воздействия
|
| 675 |
|
|
|a 678.019
|v 3
|
| 675 |
|
|
|a 678.4
|v 3
|
| 700 |
|
1 |
|a Швейцер
|b Ф. А.
|g Филип А.
|
| 801 |
|
1 |
|a RU
|b 63413507
|c 20091105
|
| 801 |
|
2 |
|a RU
|b 63413507
|c 20151009
|g RCR
|
| 942 |
|
|
|c BK
|
| 959 |
|
|
|a 113/20091103
|d 2
|e 0
|f АНЛ:1
|f ЧЗТЛ:1
|